|
|
|
|
| LEADER |
01682nam a2200493 i 4500 |
| 001 |
nkc20182971801 |
| 003 |
CZ PrNK |
| 005 |
20180216131718.0 |
| 007 |
ta |
| 008 |
180123s2017 xr a a 000 1 cze |
| 015 |
|
|
|a cnb002971801
|
| 020 |
|
|
|a 978-80-256-2186-8
|q (vázáno)
|
| 035 |
|
|
|a (OCoLC)1028198910
|
| 040 |
|
|
|a OLA001
|b cze
|d ABA001
|e rda
|
| 041 |
1 |
|
|a cze
|h eng
|
| 072 |
|
7 |
|a 821-93
|x Literatura pro děti a mládež (beletrie)
|2 Konspekt
|9 26
|
| 080 |
|
|
|a 821-93
|2 MRF
|
| 080 |
|
|
|a (0.025.2)
|2 MRF
|
| 100 |
1 |
|
|a Powers, Fiona
|7 ola2018979471
|4 ill
|
| 240 |
1 |
0 |
|a Colours.
|l Česky
|
| 245 |
1 |
0 |
|a Barvy /
|c ilustrovala Fiona Powers
|
| 250 |
|
|
|a První české vydání
|
| 264 |
|
1 |
|a Praha :
|b Svojtka & Co., s.r.o.,
|c 2017
|
| 300 |
|
|
|a 14 nečíslovaných stran :
|b barevné ilustrace ;
|c 27 cm
|
| 336 |
|
|
|a text
|b txt
|2 rdacontent
|
| 336 |
|
|
|a statický obraz
|b sti
|2 rdacontent
|
| 337 |
|
|
|a bez média
|b n
|2 rdamedia
|
| 338 |
|
|
|a svazek
|b nc
|2 rdacarrier
|
| 490 |
1 |
|
|a Odklop okénko
|
| 500 |
|
|
|a Překlad z angličtiny Tereza Pádecká
|
| 500 |
|
|
|a Název z obálky
|
| 500 |
|
|
|a Kartonové listy s otvíracími okénky, pevná vazba
|
| 655 |
|
7 |
|a publikace pro děti
|7 fd133156
|2 czenas
|
| 655 |
|
7 |
|a leporela
|7 fd132727
|2 czenas
|
| 655 |
|
9 |
|a children's literature
|2 eczenas
|
| 655 |
|
9 |
|a folding picture-books
|2 eczenas
|
| 700 |
1 |
|
|a Pádecká, Tereza
|7 jo2017972714
|4 trl
|
| 765 |
1 |
|
|t Lift the flap - colours
|9 Česky
|
| 830 |
|
0 |
|a Odklop okénko
|0 s
|
| 910 |
2 |
|
|a BOA001
|b 3-1402.674
|
| 990 |
|
|
|a BK
|
| 995 |
|
|
|a 01
|
| 991 |
|
|
|b 201802
|c NOV
|
| 996 |
6 |
|
|b 2610732287
|c 3-1402.674
|l MZK
|r Sklad / do 1 hodiny
|n 0
|p p.v.
|w 001649564
|u 000010
|a 1
|e BOA001
|j MZK50
|s P
|